| 000 | 00374 a2200145 4500 | ||
|---|---|---|---|
| 003 | Nust | ||
| 005 | 20230126095037.0 | ||
| 040 | _cNust | ||
| 082 | _a910.954,IBN | ||
| 245 |
_aIbn Battuta : _btravles in Asia and Africa (1325-1354) / |
||
| 260 |
_aRawalpindi _bService Book Club _61985 |
||
| 300 | _a355:p | ||
| 650 |
_aIbn Battuta Travels in Asia _9107710 |
||
| 942 |
_2ddc _cBK |
||
| 999 |
_c187011 _d187011 |
||